| 000 | 00833nam a2200229 a 4500 | ||
|---|---|---|---|
| 001 | 2969 | ||
| 005 | 20140414131852.0 | ||
| 008 | 051130s19uu xx 00 eng d | ||
| 020 | _a0-439-04579-7 | ||
| 050 |
_aM 629.45 _bC16 1999 |
||
| 100 | _aCanizares, Susan | ||
| 245 |
_aThe voyage of Mae Jemison / _cby Susan Canizares ; illustrated by Samantha Berger. |
||
| 260 |
_aNew York : _bScholastic, _c1999. |
||
| 300 | _a1 v. p. : ill. ; cm. | ||
| 440 | _aSocial studies emergent readers | ||
| 520 | _aSimple text and photographs of Mae Jemison and other astronauts introduce some aspects of living and working in space. | ||
| 650 |
_aAstronautics _xJuvenile literature. |
||
| 650 |
_aJemison, Mae, 1956 - Journeys _xJuvenile literature. |
||
| 650 |
_aSpace flight _xJuvenile literature. |
||
| 999 |
_c110229 _d110229 |
||